Представление документа в формате MARC21

Поле Инд. ПП Название Значение
Тип записи a
Библиографический уровень b
001 Контрольный номер UNIDUBNA96e42c1b4af24b3ca3ea34c1ebdf62bc
005 Дата корректировки 20230130144614.8
008 Кодируемые данные 20170331
040 b Код языка каталог. rus
e Правила каталог. PSBO
041 0_ a Код языка текста rus
084 a Индекс другой классификации/Индекс ББК 67.401.02(55); 66.3(55),123
100 1_ a Автор Шорохов В. Е.
q Полное имя Шорохов Вячеслав Евгеньевич
245 10 a Заглавие Современная модель государственной антикоррупционной политики в странах Восточной Азии
520 0_ a Аннотация Данная статья продолжает серию авторских исследований о проводимой государственной антикоррупционной политике в России и за рубежом с точки зрения правовых основ. Проводится анализ специфики современной модели государственной антикоррупционной политики стран Восточной Азии и особенностей ее реализации в рамках системы международного и национального права. Подчеркивается необходимость восприятия положительного мирового опыта и адаптации отдельных мер рассматриваемых моделей противодействия коррупции в российском правовом поле
650 14 a Основная рубрика административное право
a Основная рубрика внутренняя политика
a Основная рубрика политика
a Основная рубрика право
653 0_ a Ключевые слова антикоррупционная политика
a Ключевые слова антикоррупционное право
a Ключевые слова антикоррупционные модели
a Ключевые слова Восточная Азия
a Ключевые слова государственная антикоррупционная политика
a Ключевые слова коррупция
a Ключевые слова противодействие коррупции
773 08 t Заглавие источника Российская юстиция
d Дата издания источника 2021
g Прочая информация № 3. - С. 20 - 22
w Контрольный № источника b885f12bde384f57bfa824b25e31dd75
901 t Тип документа b